Lessons for the expectant mother. (Record no. 90460)
[ view plain ]
| 000 -LEADER | |
|---|---|
| fixed length control field | 00699cam a22002531 4500 |
| 001 - CONTROL NUMBER | |
| control field | sg 44000236 |
| 003 - CONTROL NUMBER IDENTIFIER | |
| control field | DLC |
| 005 - DATE AND TIME OF LATEST TRANSACTION | |
| control field | 20260227112744.0 |
| 008 - FIXED-LENGTH DATA ELEMENTS--GENERAL INFORMATION | |
| fixed length control field | 810920s1944 xx a b 000 0 eng |
| 010 ## - LIBRARY OF CONGRESS CONTROL NUMBER | |
| LC control number | sg 44000236 |
| 035 ## - SYSTEM CONTROL NUMBER | |
| System control number | (OCoLC)14730430 |
| 040 ## - CATALOGING SOURCE | |
| Original cataloging agency | DLC |
| Transcribing agency | DNLM |
| Modifying agency | DLC |
| 042 ## - AUTHENTICATION CODE | |
| Authentication code | premarc |
| 050 00 - LIBRARY OF CONGRESS CALL NUMBER | |
| Classification number | RG525 |
| Item number | .C65 1944 |
| 060 0# - NATIONAL LIBRARY OF MEDICINE CALL NUMBER | |
| Classification number | WQ 150 |
| Item number | C635L 1944 |
| 110 2# - MAIN ENTRY--CORPORATE NAME | |
| Corporate name or jurisdiction name as entry element | Cleveland Child Health Association. |
| 245 10 - TITLE STATEMENT | |
| Title | Lessons for the expectant mother. |
| 260 ## - PUBLICATION, DISTRIBUTION, ETC. | |
| Place of publication, distribution, etc. | [Cleveland, |
| Date of publication, distribution, etc. | 1944] |
| 300 ## - PHYSICAL DESCRIPTION | |
| Extent | 1 v. |
| Other physical details | ill. |
| 500 ## - GENERAL NOTE | |
| General note | Cover-title. |
| 500 ## - GENERAL NOTE | |
| General note | Various pagings; reproduced from type-written copy. |
| 500 ## - GENERAL NOTE | |
| General note | "Third edition." |
| 504 ## - BIBLIOGRAPHY, ETC. NOTE | |
| Bibliography, etc. note | Bibliography: 2 p. at end. |
No items available.